History of Religions (Record no. 12667)

MARC details
000 -LEADER
fixed length control field 00591nam a2200253 a 4500
020 ## - INTERNATIONAL STANDARD BOOK NUMBER
ISBN 9004377
082 00 - DEWEY DECIMAL CLASSIFICATION NUMBER
Classification number 200
Author Cutter BIA
100 ## - MAIN ENTRY--AUTHOR NAME
Author name Bianchi, Ugo
245 ## - TITLE STATEMENT
Title History of Religions
260 ## - PUBLICATION, DISTRIBUTION, ETC. (IMPRINT)
Place of publication Leiden
Name of publisher Brill
Year of publication 1975
300 ## - PHYSICAL DESCRIPTION
Number of Pages 228p
500 ## - GENERAL NOTE
General note includes index and biblioraphy
505 2# - FORMATTED CONTENTS NOTE
Formatted contents note Index
650 ## - SUBJECT ADDED ENTRY--TOPICAL TERM
Topical Term Religious
650 ## - SUBJECT ADDED ENTRY--TOPICAL TERM
Topical Term Religions-History
942 ## - ADDED ENTRY ELEMENTS (KOHA)
Koha item type Books
700 1# -
-- Bianchi, Ugo
Holdings
Home library Current library Date acquired Cost, normal purchase price Full call number Accession Number Koha item type
Henry Martyn Institute Library Henry Martyn Institute Library 05/28/2007 4218.00 200 BIA 016774 E-Books
                   Copyright © 2026 | Henry Martyn Institute | Hyderabad | TS-500052 | INDIA | Implemented by hmi.edu.in
Hit-Count:

Powered by Koha